000 00406nam a2200145 i 4500
001 104123
003 ES-MaACL
007 t|
008 051123s1918 sp ||||1| spa d
100 1 _aMezquita Moreno, Daniel.
_980837
245 1 0 _aManual de técnica anatómica /
_cpor Daniel Mezquita Moreno.
260 _aMadrid :
_bFortanet,
_c1918.
300 _aXI, 593 p. ;
_c22 cm.
852 _aES-MaACL
_jE-434
999 _c104123
_d104123